Histoire de la pensée économique : penseurs - Statistiques

Statistiques générales
  • Ce quiz a été pris 37 fois
  • Le résultat moyen est 6 sur 24
Statistiques - réponses
Hint Réponse % Correct
Philosophe grec, préoccupé par les réalités économiques, il a distingué la valeur d’usage de la valeur d’échange. Aristote
69%
Philosophe et économiste allemand, critique du capitalisme, auteur du "Manifeste du parti communiste" et du "Capital". Karl Marx
69%
Philosophe grec, critique de l’économie marchande, il valorisait l’agriculture et condamnait les inégalités sociales. Platon
65%
Philosophe anglais, célèbre pour "Le Léviathan", qui décrit l'État comme un "dieu mortel" nécessaire pour sortir de l'état de nature. Thomas Hobbes
62%
Ministre sous Louis XIV, incarnation du mercantilisme français, partisan du protectionnisme et des manufactures d'État. Jean-Baptiste Colbert
38%
Économiste français, fondateur de la physiocratie, valorisant l’agriculture comme source de richesse. François Quesnay
35%
Théoricien politique français, connu pour ses travaux sur la souveraineté de l'État. Jean Bodin
31%
Théologien médiéval, il intégrait des considérations morales à l’économie et prônait le concept de juste prix. Saint Thomas d'Aquin
31%
Théoricien français du socialisme, connu pour sa phrase provocante "La propriété, c’est le vol". Pierre-Joseph Proudhon
27%
Philosophe grec, auteur de "L’économique", il défendait une économie au service de l’unité de la cité. Xénophon
27%
Humaniste français, connu pour sa traduction de *L'économique* de Xénophon et son "Discours de la servitude volontaire". Étienne de La Boétie
23%
Philosophe anglais, père du libéralisme économique, il associait travail et droit de propriété. John Locke
23%
Humaniste anglais, auteur de *Utopia*, il critique la propriété privée et imagine une société égalitaire et collectiviste. Thomas More
19%
Économiste français, premier à utiliser le terme "économie politique" dans un traité, promoteur du mercantilisme. Antoine de Montchrestien
12%
Socialiste utopique, précurseur de nombreuses idées modernes (féminisme, décroissance), il valorisait les passions humaines. Charles Fourier
12%
Philosophe français, défenseur de l'agriculture et critique des inégalités économiques, auteur du "Discours sur l'économie politique". Jean-Jacques Rousseau
12%
Philosophe allemand, sa dialectique inspira Marx, notamment sur l’évolution historique. Georg Wilhelm Friedrich Hege
4%
Auteur anglais, il liait développement économique, croissance démographique et renforcement de l’État. John Hales
4%
Philosophe allemand, influença Marx avec son matérialisme critique des institutions religieuses. Ludwig Feuerbach
4%
Économiste médiéval, auteur d’un traité sur la monnaie, il considérait celle-ci comme un bien public contrôlé par le peuple. Nicolas Oresme
4%
Précurseur du libéralisme économique, il valorisait l’agriculture et dénonçait les injustices fiscales. Pierre Le Pesant de Boisguilbert
4%
Révolutionnaire français, premier communiste moderne, défenseur de l’égalité radicale. François-Noël Babeuf
0%
Contemporain de Bodin, il réfléchit sur les paradoxes économiques liés à la monnaie et l'inflation. Jean de Malestroit
0%
Économiste français, il a développé des théories sur la valeur et l'entrepreneuriat, et est considéré comme un précurseur de l'économie moderne. Richard Cantillon
0%
Aucun quiz correspondant
Distribution des résultats
% des personnes avec chaque résultat
Percentile par nombre de réponses
Votre historique - résultats
Vous n’avez pas pris ce quiz